| 000 | 00423nam a22001577a 4500 | ||
|---|---|---|---|
| 999 |
_c2303 _d2303 |
||
| 008 | 200220b ||||| |||| 00| 0 eng d | ||
| 082 | 0 | 0 |
_a621.16 _bH9664 |
| 100 |
_91883 _aHurst, Charles |
||
| 245 | 1 | 0 |
_a(The) Care and management of stationary steam engines _cby Charles Hurst |
| 250 | _a4th | ||
| 260 |
_aLondon _bTechnical Press _c1918 |
||
| 300 | _aviii,88p. | ||
| 365 | _d2.14 | ||
| 650 | 0 | _aSteam Engines | |
| 942 | _cBK | ||